000 00490nam a2200169Ia 4500
001 56649
008 130606n ii |||gr||||Z||||||346
082 _a891.441
100 _aBhattacharyya,Brojendrachandra,
_eAuthor.,
245 0 _aBIharilaler Saradamangal Jigyasa
_cBrojendrachandra Bhattacharyya
_hTextual Documents
250 _aIst ed-2007.
260 _aKolkata:
_bGrantha Bikash.
300 _a78p:
_c23cm.
653 _aBengali Literature
653 _aG-bengali
942 _2ddc
_cBK
999 _c56571
_d56571